000 00794nam a2200229 a 4500
005 20210219153017.0
008 991125n 000 0 spa u
035 _aUPN01000073002
100 1 _aMárquez Jiménez, Alejandro
222 _aREVISTA LATINOAMERICANA DE INNOVACIONES EDUCATIVAS
245 _aLa distribución del ingreso y el gasto educativo de los hogares mexicanos : un análisis a tráves de las Encuestas Nacionales de Ingresos y Gastos de los Hogares (ENIGH) : 1984-1992
300 _a59-115
362 0 _a1996 Vol. 25, no. 4
653 0 _aECONOMIA EDUCATIVA
653 0 _aEDUCACION PRIVADA
653 0 _aEDUCACION PUBLICA
653 0 _aEDUCACION SUPERIOR
653 0 _aFAMILIA
653 0 _aFINANCIAMIENTO EDUCATIVO
904 _aAC
_b010813
905 _aArticulo
999 _c66191
_d66191